[Event "Aegean op 46th"]
[Site "Aghios Kirykos"]
[Date "2023.07.11"]
[Round "3"]
[White "Konistis, Loukas"]
[Black "Kotronias, Vasilios"]
[Result "0-1"]
[WhiteElo "1964"]
[BlackElo "2439"]
[PlyCount "66"]
[EventDate "2023.07.09"]
[EventType "swiss"]
[EventRounds "9"]
[EventCountry "GRE"]
[SourceTitle "CBM 215 Extra"]
[Source "ChessBase"]
[SourceDate "2023.09.30"]
[SourceVersion "1"]
[SourceVersionDate "2023.09.30"]
[SourceQuality "1"]

1. d4 Nf6 2. Nc3 d5 3. Bf4 a6 4. e3 e6 5. a3 c5 6. Nf3 b5 7. dxc5 Bxc5 8. Ne5 Bb7 9. Be2 0-0 10. Bf3 Nc6 11. 0-0 Nxe5 12. Bxe5 Nd7 13. Bd4 Bd6 14. Ne2 Qc7 15. Ng3 f5 16. b3 Rac8 17. Ra2 Ne5 18. Be2 Nc6 19. f4 Nxd4 20. Qxd4 Bc5 21. Qd2 Qb6 22. Kh1 Bxe3 23. Qd3 d4 24. Bf3 Bxf3 25. Rxf3 Rc3 26. Rxe3 Rxd3 27. Rxd3 Qc5 28. Ne2 e5 29. fxe5 Qxe5 30. c3 Qe4 31. Rad2 dxc3 32. Rxc3 Qb1+ 33. Nc1 Re8 0-1

[Event "GRE-chT 44th"]
[Site "Achaia"]
[Date "2016.07.10"]
[Round "7.15"]
[White "Konistis, Loukas"]
[Black "Margaritis, Antonis"]
[Result "1-0"]
[WhiteElo "1995"]
[BlackElo "1388"]
[PlyCount "94"]
[EventDate "2016.07.05"]
[EventType "team-swiss"]
[EventRounds "7"]
[EventCountry "GRE"]
[SourceTitle "CBM 173 Extra"]
[Source "ChessBase"]
[SourceDate "2016.08.29"]
[SourceVersion "1"]
[SourceVersionDate "2016.08.29"]
[SourceQuality "1"]
[WhiteTeam "New Filadelfeias"]
[BlackTeam "Rhodes Knight"]
[WhiteTeamCountry "GRE"]
[BlackTeamCountry "GRE"]

1. e4 c5 2. Nf3 d6 3. Bc4 e6 4. Qe2 Nc6 5. c3 a6 6. 0-0 b5 7. Bb3 c4 8. Bc2 Nf6 9. d4 cxd3 10. Bxd3 Be7 11. Rd1 Qc7 12. Bf4 e5 13. Bd2 0-0 14. a4 bxa4 15. Rxa4 Bb7 16. Bg5 Nd7 17. Bxe7 Nxe7 18. Ra3 Nc5 19. Bc2 Rfd8 20. Nbd2 Ng6 21. Nc4 Nf4 22. Qe3 Rab8 23. Na5 Ba8 24. b4 Nce6 25. g3 Ng6 26. Bb3 Qc8 27. Bd5 Bxd5 28. exd5 Nc7 29. Raa1 Rf8 30. Rab1 f5 31. c4 f4 32. Qe4 fxg3 33. fxg3 Ne8 34. Nc6 Rb7 35. Nh4 Nf6 36. Nxg6 Nxe4 37. Nge7+ Kh8 38. Nxc8 Rxc8 39. Ra1 Rb6 40. Rd3 Nf6 41. Rda3 Ng4 42. Rxa6 Rxa6 43. Rxa6 Ne3 44. Kf2 Nxc4 45. Ke2 h5 46. b5 Rc7 47. h3 Nb2 1-0

[Event "GRE-chT 44th"]
[Site "Achaia"]
[Date "2016.07.08"]
[Round "5.14"]
[White "Hidzos, Georgios"]
[Black "Konistis, Loukas"]
[Result "0-1"]
[WhiteElo "1906"]
[BlackElo "1995"]
[PlyCount "58"]
[EventDate "2016.07.05"]
[EventType "team-swiss"]
[EventRounds "7"]
[EventCountry "GRE"]
[SourceTitle "CBM 173 Extra"]
[Source "ChessBase"]
[SourceDate "2016.08.29"]
[SourceVersion "1"]
[SourceVersionDate "2016.08.29"]
[SourceQuality "1"]
[WhiteTeam "Naples Sykeon"]
[BlackTeam "New Filadelfeias"]
[WhiteTeamCountry "GRE"]
[BlackTeamCountry "GRE"]

1. e4 c5 2. Nf3 d6 3. d4 cxd4 4. Nxd4 Nf6 5. Nc3 a6 6. Bg5 Nbd7 7. Bc4 g6 8. Qd2 b5 9. Bd5 Nxd5 10. exd5 Bb7 11. Nc6 Bxc6 12. dxc6 Ne5 13. Nd5 Nxc6 14. Qc3 Ne5 15. Nc7+ Kd7 16. Nxa8 Qxa8 17. f4 Qe4+ 18. Kf2 Ng4+ 19. Kg3 Ne3 20. Rhg1 h6 21. Rae1 hxg5 22. Qxe3 Qxe3+ 23. Rxe3 gxf4+ 24. Kxf4 Bh6+ 25. Kf3 Bxe3 26. Kxe3 Rxh2 27. Kf3 Rh4 28. g4 Rh2 29. Rc1 f5 0-1

[Event "GRE-chT 44th"]
[Site "Achaia"]
[Date "2016.07.07"]
[Round "4.15"]
[White "Konistis, Loukas"]
[Black "Manelidis, Savvas"]
[Result "1-0"]
[WhiteElo "1995"]
[BlackElo "2050"]
[PlyCount "65"]
[EventDate "2016.07.05"]
[EventType "team-swiss"]
[EventRounds "7"]
[EventCountry "GRE"]
[SourceTitle "CBM 173 Extra"]
[Source "ChessBase"]
[SourceDate "2016.08.29"]
[SourceVersion "1"]
[SourceVersionDate "2016.08.29"]
[SourceQuality "1"]
[WhiteTeam "New Filadelfeias"]
[BlackTeam "Kavalas OFS"]
[WhiteTeamCountry "GRE"]
[BlackTeamCountry "GRE"]

1. d4 Nf6 2. Bg5 d5 3. Bxf6 gxf6 4. e3 e5 5. Nf3 Nc6 6. c4 Rg8 7. dxe5 Be6 8. cxd5 Bxd5 9. Nc3 Bb4 10. Qa4 Bxf3 11. gxf3 fxe5 12. Ba6 Qc8 13. 0-0-0 Bxc3 14. bxc3 Rg6 15. Bd3 f5 16. Rhg1 Qe6 17. Bc4 Qf6 18. Rxg6 hxg6 19. Qb5 e4 20. Kc2 Rb8 21. fxe4 fxe4 22. Bd5 Qxf2+ 23. Rd2 Qf6 24. Bxc6+ Qxc6 25. Qe5+ Kf7 26. Rf2+ Kg8 27. Rf6 Qa4+ 28. Kb2 Qe8 29. Re6 Qf7 30. Re7 Qf2+ 31. Kb3 Qf8 32. Qe6+ Kh8 33. Qh3+ 1-0

[Event "GRE-chT 43rd"]
[Site "Porto Rio"]
[Date "2015.10.12"]
[Round "7.12"]
[White "Konistis, Loukas"]
[Black "Rigatos, Panagiotis"]
[Result "1-0"]
[WhiteElo "2048"]
[BlackElo "1966"]
[PlyCount "87"]
[EventDate "2015.10.08"]
[EventType "team-swiss"]
[EventRounds "7"]
[EventCountry "GRE"]
[SourceTitle "CBM 168 Extra"]
[Source "ChessBase"]
[SourceDate "2015.10.29"]
[SourceVersion "1"]
[SourceVersionDate "2015.10.29"]
[SourceQuality "1"]
[WhiteTeam "New Filadelfeias"]
[BlackTeam "Aigaleo"]
[WhiteTeamCountry "GRE"]
[BlackTeamCountry "GRE"]

1. Nf3 Nf6 2. g3 g6 3. Bg2 Bg7 4. 0-0 0-0 5. d3 d6 6. e4 e5 7. h3 Nc6 8. c3 d5 9. Qc2 Qe7 10. b4 dxe4 11. dxe4 Rd8 12. b5 Na5 13. Ba3 Qe8 14. c4 Nxe4 15. Bb4 b6 16. Bxa5 bxa5 17. Nfd2 Nxd2 18. Nxd2 Bf5 19. Ne4 Rab8 20. g4 Bc8 21. Rad1 Bb7 22. g5 Qe7 23. Rxd8+ Qxd8 24. Rd1 Qe8 25. Qd2 Bxe4 26. Bxe4 Qe7 27. h4 Bf8 28. Qxa5 Rd8 29. Bd5 h6 30. Qd2 Kg7 31. Qe3 f6 32. gxh6+ Kh7 33. Qxa7 Bxh6 34. b6 Bf8 35. b7 Qe8 36. Bg8+ Kxg8 37. Rxd8 Qxd8 38. b8Q Qd1+ 39. Kh2 Qg4 40. Qb3 Qxh4+ 41. Qh3 Qf4+ 42. Qg3 Qh6+ 43. Kg2 Bd6 44. c5 1-0

[Event "GRE-chT 43rd"]
[Site "Porto Rio"]
[Date "2015.10.08"]
[Round "2.10"]
[White "Konistis, Loukas"]
[Black "Gimnopoulos, Lazaros"]
[Result "0-1"]
[WhiteElo "2048"]
[BlackElo "2045"]
[PlyCount "74"]
[EventDate "2015.10.08"]
[EventType "team-swiss"]
[EventRounds "7"]
[EventCountry "GRE"]
[SourceTitle "CBM 168 Extra"]
[Source "ChessBase"]
[SourceDate "2015.10.29"]
[SourceVersion "1"]
[SourceVersionDate "2015.10.29"]
[SourceQuality "1"]
[WhiteTeam "New Filadelfeias"]
[BlackTeam "Florinas OP"]
[WhiteTeamCountry "GRE"]
[BlackTeamCountry "GRE"]

1. Nf3 b6 2. e4 Bb7 3. Nc3 e6 4. d4 Bb4 5. Bd3 Nf6 6. e5 Ne4 7. Bd2 Nxd2 8. Nxd2 Bxc3 9. bxc3 Qg5 10. Rg1 0-0 11. Be4 Bxe4 12. Nxe4 Qg6 13. Qd3 Nc6 14. g4 d5 15. Nd2 f6 16. Qxg6 hxg6 17. f4 g5 18. exf6 gxf6 19. Nf3 gxf4 20. g5 Kf7 21. Kf2 e5 22. gxf6 e4 23. Rg7+ Kxf6 24. Rag1 Ne7 25. Ne5 Rg8 26. Rf7+ Ke6 27. Rxf4 c5 28. Ng4 Raf8 29. Rxf8 Rxf8+ 30. Ke2 cxd4 31. cxd4 Nf5 32. c3 Rh8 33. Rg2 Rh3 34. Kd2 b5 35. a3 a5 36. Ne5 Nh4 37. Rf2 e3+ 0-1

[Event "GRE-chT 41st"]
[Site "Achaia"]
[Date "2013.07.02"]
[Round "1.2"]
[White "Konistis, Loukas"]
[Black "Zahariev, Zahari"]
[Result "0-1"]
[WhiteElo "2095"]
[BlackElo "2397"]
[PlyCount "82"]
[EventDate "2013.07.02"]
[EventType "team-swiss"]
[EventRounds "7"]
[EventCountry "GRE"]
[SourceTitle "CBM 155 Extra"]
[Source "ChessBase"]
[SourceDate "2013.08.26"]
[SourceVersion "1"]
[SourceVersionDate "2013.08.26"]
[SourceQuality "1"]
[WhiteTeam "Filadelfia CN"]
[BlackTeam "Chania Kydon"]
[WhiteTeamCountry "GRE"]
[BlackTeamCountry "GRE"]

1. Nf3 d6 2. g3 e5 3. d3 f5 4. Bg2 Nf6 5. b3 Be7 6. Bb2 0-0 7. Nbd2 Nc6 8. e4 Qe8 9. Qe2 Bd7 10. 0-0-0 a5 11. a3 Kh8 12. Rhe1 fxe4 13. Nxe4 Nxe4 14. Qxe4 Qf7 15. Rd2 Bf5 16. Qc4 Qxc4 17. dxc4 e4 18. Rde2 exf3 19. Bxf3 Bf6 20. Bxf6 gxf6 21. Bxc6 bxc6 22. Re7 Rac8 23. h4 Kg8 24. g4 Bg6 25. h5 Bf7 26. R1e4 Rfe8 27. Rxe8+ Rxe8 28. Rf4 Kg7 29. c5 dxc5 30. Ra4 c4 31. Rxa5 c3 32. Kb1 Re1+ 33. Ka2 Rc1 34. Rc5 Rxc2+ 35. Kb1 Rb2+ 36. Kc1 Rxb3 37. Rxc6 Rxa3 38. f4 Ra4 39. h6+ Kxh6 40. g5+ Kg7 41. Rxf6 Bb3 0-1

[Event "Athens Smaok op 19th"]
[Site "Athens"]
[Date "2013.01.29"]
[Round "4"]
[White "Galanos, Dimitrios"]
[Black "Konistis, Loukas"]
[Result "1/2-1/2"]
[WhiteElo "2070"]
[BlackElo "2031"]
[PlyCount "117"]
[EventDate "2013.01.08"]
[EventType "swiss"]
[EventRounds "7"]
[EventCountry "GRE"]
[SourceTitle "EXT 2014"]
[Source "ChessBase"]
[SourceDate "2013.11.20"]
[SourceVersion "1"]
[SourceVersionDate "2013.11.20"]
[SourceQuality "1"]

1. d4 Nf6 2. Nf3 c5 3. d5 g6 4. Nc3 Bg7 5. e4 d6 6. Bb5+ Bd7 7. a4 Na6 8. 0-0 0-0 9. h3 Nc7 10. Be2 a6 11. a5 Nb5 12. Nd2 Nxc3 13. bxc3 Qc7 14. Ra3 c4 15. e5 dxe5 16. Nxc4 Bb5 17. Nb6 Bxe2 18. Qxe2 Rad8 19. c4 Rfe8 20. Rb3 Nd7 21. Ba3 Nc5 22. Rbb1 f5 23. Qe3 Ne4 24. c5 Nf6 25. Qb3 Kh8 26. Rfd1 Bf8 27. c4 f4 28. Re1 e4 29. Bb2 Bg7 30. Qb4 e3 31. Rbd1 exf2+ 32. Kxf2 f3 33. Kxf3 Rf8 34. Ke2 Qg3 35. Rd2 Qxg2+ 36. Kd1 Qf3+ 37. Rde2 Ne4 38. Bxg7+ Kxg7 39. Kc2 Rf4 40. Qb2+ Kg8 41. Qb3 Qxb3+ 42. Kxb3 Nxc5+ 43. Kc2 Nd7 44. Rxe7 Nxb6 45. axb6 Rxc4+ 46. Kb3 Rcc8 47. Rxb7 Rxd5 48. Rc7 Rb8 49. Kc4 Rb5 50. Ree7 R5xb6 51. Rg7+ Kf8 52. Rxh7 Kg8 53. Rcg7+ Kf8 54. Ra7 Kg8 55. Rhc7 Rf6 56. Kd5 Re8 57. Rg7+ Kh8 58. Rh7+ Kg8 59. Rhg7+ 1/2-1/2

[Event "Athens Smaok 1900+ 13th"]
[Site "Athens"]
[Date "2011.11.15"]
[Round "2.7"]
[White "Kokolias, Konstantinos"]
[Black "Konistis, Loukas"]
[Result "1-0"]
[WhiteElo "2158"]
[BlackElo "2069"]
[PlyCount "49"]
[EventDate "2011.11.08"]
[EventType "swiss"]
[EventRounds "7"]
[EventCountry "GRE"]
[SourceTitle "EXT 2024"]
[Source "ChessBase"]
[SourceDate "2023.10.10"]
[SourceVersion "1"]
[SourceVersionDate "2023.10.10"]
[SourceQuality "1"]

1. d4 g6 2. e4 Bg7 3. Nc3 c5 4. dxc5 Bxc3+ 5. bxc3 Qa5 6. Bd3 Qxc3+ 7. Bd2 Qxc5 8. Nf3 d6 9. 0-0 Nf6 10. Bh6 Nbd7 11. h3 Qh5 12. Qd2 Nc5 13. Qf4 Rg8 14. e5 dxe5 15. Nxe5 Nxd3 16. cxd3 g5 17. Qc4 Nd7 18. Ng4 Nb6 19. Nf6+ exf6 20. Rfe1+ Kd8 21. Qd4+ Nd7 22. Qd6 Re8 23. Rxe8+ Kxe8 24. Re1+ Kd8 25. Bf8 1-0

[Event "Athens Smaok op 11th"]
[Site "Athens"]
[Date "2011.06.28"]
[Round "7"]
[White "Konistis, Loukas"]
[Black "Kokolias, Konstantinos"]
[Result "0-1"]
[WhiteElo "2106"]
[BlackElo "2202"]
[PlyCount "92"]
[EventDate "2011.05.10"]
[EventType "swiss"]
[EventRounds "7"]
[EventCountry "GRE"]
[SourceTitle "EXT 2024"]
[Source "ChessBase"]
[SourceDate "2023.10.10"]
[SourceVersion "1"]
[SourceVersionDate "2023.10.10"]
[SourceQuality "1"]

1. d4 d5 2. Nf3 Nf6 3. Nbd2 c5 4. e3 Nc6 5. c3 cxd4 6. exd4 Bg4 7. Qa4 Rc8 8. Ne5 Bd7 9. Nxd7 Qxd7 10. Nf3 a6 11. Bf4 e6 12. Bd3 Bd6 13. Bxd6 Qxd6 14. 0-0 0-0 15. Rfe1 b5 16. Qd1 Nd7 17. Rc1 Rb8 18. Qc2 g6 19. h4 Rfc8 20. Qe2 Na5 21. Ne5 Nxe5 22. dxe5 Qd8 23. h5 Qg5 24. hxg6 hxg6 25. g3 d4 26. Kg2 dxc3 27. f4 Qd8 28. bxc3 Rb7 29. Red1 Rd7 30. f5 Qg5 31. fxe6 fxe6 32. Qe4 Rcd8 33. Be2 Nc4 34. Rxd7 Rxd7 35. Bxc4 bxc4 36. Rc2 Rd3 37. g4 Re3 38. Qa8+ Kg7 39. Qa7+ Kh6 40. Kh1 Qh4+ 41. Rh2 Re1+ 42. Qg1 Rxg1+ 43. Kxg1 Kg5 44. Rxh4 Kxh4 45. Kf2 Kxg4 46. Ke3 g5 0-1

[Event "Ambelokipi op 103rd"]
[Site "Athens"]
[Date "2010.03.13"]
[Round "3"]
[White "Himaras, Stefanos"]
[Black "Konistis, Loukas"]
[Result "1-0"]
[WhiteElo "2290"]
[BlackElo "2105"]
[PlyCount "49"]
[EventDate "2010.03.06"]
[EventType "swiss"]
[EventRounds "7"]
[EventCountry "GRE"]
[SourceTitle "CBM 135 Extra"]
[Source "ChessBase"]
[SourceDate "2010.05.04"]
[SourceVersion "1"]
[SourceVersionDate "2010.05.04"]
[SourceQuality "1"]

1. d4 c5 2. d5 Nf6 3. Nf3 g6 4. c4 b5 5. Nbd2 bxc4 6. e4 Bg7 7. Qc2 0-0 8. Nxc4 e6 9. dxe6 fxe6 10. e5 Nd5 11. h4 Nc6 12. h5 Rxf3 13. gxf3 Nd4 14. Qe4 Bb7 15. hxg6 Nc3 16. Qxb7 Rb8 17. bxc3 Rxb7 18. gxh7+ Kh8 19. cxd4 d5 20. Nd6 Rd7 21. Rb1 Rxd6 22. exd6 cxd4 23. d7 Be5 24. Bd3 Qxd7 25. Rg1 1-0

[Event "Nikaia op 17th"]
[Site "Nikaia"]
[Date "2009.08.23"]
[Round "3"]
[White "Nikolaidis, Ioannis"]
[Black "Konistis, Loukas"]
[Result "1-0"]
[WhiteElo "2529"]
[BlackElo "2119"]
[PlyCount "51"]
[EventDate "2009.08.22"]
[EventType "swiss"]
[EventRounds "9"]
[EventCountry "GRE"]
[SourceTitle "CBM 132 Extra"]
[Source "ChessBase"]
[SourceDate "2009.11.03"]
[SourceVersion "1"]
[SourceVersionDate "2009.11.03"]
[SourceQuality "1"]

1. d4 Nf6 2. c4 c5 3. d5 b5 4. Nd2 g6 5. e4 d6 6. cxb5 a6 7. Ngf3 Qa5 8. Qc2 axb5 9. b4 Qxb4 10. Rb1 Qa5 11. Bxb5+ Bd7 12. a4 Bg7 13. 0-0 0-0 14. Nc4 Qc7 15. Bd2 e6 16. dxe6 fxe6 17. Nb6 Ra7 18. Nxd7 Nbxd7 19. Ng5 Re8 20. e5 Ng4 21. exd6 Qxd6 22. g3 h6 23. Qxg6 Re7 24. Ne4 Qd4 25. Bxd7 Rexd7 26. Rb8+ 1-0

[Event "Athens Egaleo op 7th"]
[Site "Athens"]
[Date "2008.01.26"]
[Round "5.1"]
[White "Konistis, Loukas"]
[Black "Koliopoulos, Konstantinos"]
[Result "0-1"]
[WhiteElo "1978"]
[BlackElo "2219"]
[PlyCount "82"]
[EventDate "2008.01.12"]
[EventType "swiss"]
[EventRounds "7"]
[EventCountry "GRE"]
[SourceTitle "EXT 2024"]
[Source "ChessBase"]
[SourceDate "2023.10.10"]
[SourceVersion "1"]
[SourceVersionDate "2023.10.10"]
[SourceQuality "1"]

1. d4 Nf6 2. Nf3 g6 3. c4 Bg7 4. Nc3 0-0 5. Bg5 h6 6. Bh4 d6 7. e3 Nbd7 8. Be2 c5 9. 0-0 g5 10. Bg3 Nh5 11. Qc2 Nxg3 12. hxg3 Nf6 13. Rad1 Qb6 14. Rd2 Be6 15. d5 Bd7 16. Ne4 Qa5 17. Nxf6+ Bxf6 18. a3 b5 19. Qe4 bxc4 20. Bxc4 Rfb8 21. Bd3 Kf8 22. Qh7 Bg7 23. Rb1 g4 24. b4 Qxa3 25. Nh4 Rxb4 26. Rf1 Qc3 27. Rdd1 Ke8 28. Rc1 Qf6 29. f3 Bf8 30. Bf5 Bxf5 31. Nxf5 Qg6 32. Qxg6 fxg6 33. Nh4 g5 34. Nf5 Kd7 35. f4 e6 36. dxe6+ Kxe6 37. fxg5 hxg5 38. e4 Rxe4 39. Rc3 d5 40. Ra3 a5 41. Ne3 c4 0-1

[Event "Nea Filadelfia CC Autumn"]
[Site "Nea Filadelfia"]
[Date "2007.11.01"]
[Round "6.2"]
[White "Konistis, Loukas"]
[Black "Andronis, Vasilios"]
[Result "0-1"]
[WhiteElo "1978"]
[BlackElo "2085"]
[PlyCount "58"]
[EventDate "2007.10.11"]
[EventType "tourn"]
[EventRounds "11"]
[EventCountry "GRE"]
[SourceTitle "EXT 2024"]
[Source "ChessBase"]
[SourceDate "2023.10.10"]
[SourceVersion "1"]
[SourceVersionDate "2023.10.10"]
[SourceQuality "1"]

1. f4 Nf6 2. Nf3 g6 3. b3 Bg7 4. Bb2 d6 5. c4 e5 6. g3 exf4 7. gxf4 0-0 8. Bg2 Nc6 9. 0-0 Bf5 10. Nc3 Ne4 11. Qc1 Re8 12. Nd5 Nf6 13. e3 a5 14. a3 Be4 15. Nc3 Bd3 16. Re1 h6 17. Nd1 d5 18. cxd5 Nxd5 19. Nf2 Be4 20. Bxg7 Kxg7 21. Nxe4 Rxe4 22. d3 Re8 23. e4 Nf6 24. Qc3 Kg8 25. b4 Nh5 26. f5 axb4 27. axb4 Rxa1 28. Rxa1 Nf4 29. fxg6 Ne2+ 0-1